Welcome to the Holygrace Academy Library

Please use search bar below to get started

KAVITHAOM KEE SARITHA (Record no. 4419)

MARC details
000 -LEADER
fixed length control field 00347nam a22001457a 4500
020 ## - INTERNATIONAL STANDARD BOOK NUMBER
ISBN 978-93-5104-138-2
082 ## - DEWEY DECIMAL CLASSIFICATION NUMBER
Classification number 494
Item number UNN/K
100 ## - MAIN ENTRY--AUTHOR NAME
Personal name UNNIKRISHNAN,K. G
245 ## - TITLE STATEMENT
Title KAVITHAOM KEE SARITHA
250 ## - EDITION STATEMENT
Edition statement FIRST
260 ## - PUBLICATION, DISTRIBUTION, ETC. (IMPRINT)
Place of publication TRIVANDRUM
Name of publisher RASHTRIYA HINDI SAHITHYA SAMMELAN
Year of publication 2012
300 ## - PHYSICAL DESCRIPTION
Number of Pages 129
650 ## - SUBJECT ADDED ENTRY--TOPICAL TERM
Topical Term POETRY
Geographic subdivision KERALA
942 ## - ADDED ENTRY ELEMENTS (KOHA)
Koha item type Books
Holdings
Withdrawn status Lost status Collection code Home library Current library Shelving location Date acquired Source of acquisition Full call number Accession Number Koha item type Cost, normal purchase price
    Non-fiction Main Library Main Library   28/11/2018 PURCHASE 494 UNN/K 10375 Books  
    Non-fiction Main Library Main Library SHELF-16E - HINDI GRAMMAR ,BIOGRAPHY& POEMS 28/11/2018 PURCHASE 494 UNN/K 10371 Books 120.00